[Event "BUL-chT2"]
[Site "Sunny Beach"]
[Date "2014.09.21"]
[Round "3.3"]
[White "Yotov, Yoto"]
[Black "Badev, Kiril"]
[Result "1/2-1/2"]
[WhiteElo "2047"]
[BlackElo "2322"]
[PlyCount "80"]
[EventDate "2014.09.19"]
[EventType "team-swiss"]
[EventRounds "7"]
[EventCountry "BUL"]
[SourceTitle "EXT 2015"]
[Source "ChessBase"]
[SourceDate "2014.11.20"]
[SourceVersion "1"]
[SourceVersionDate "2014.11.20"]
[SourceQuality "1"]
[WhiteTeam "Lovech"]
[BlackTeam "Radnevo Maritsa Iztok"]
[WhiteTeamCountry "BUL"]
[BlackTeamCountry "BUL"]

1. d4 Nf6 2. Nf3 c5 3. g3 cxd4 4. Nxd4 d5 5. Bg2 e5 6. Nf3 Nc6 7. 0-0 Bc5 8. Bg5 e4 9. Ne1 Be6 10. c4 e3 11. fxe3 dxc4 12. Qxd8+ Rxd8 13. Nc2 Be7 14. Bxc6+ bxc6 15. Nd4 Bd7 16. Nc3 0-0 17. Ne4 Nd5 18. Bxe7 Nxe7 19. Nc5 Bh3 20. Rfd1 Rd5 21. Ne4 Re5 22. Nf2 Bc8 23. e4 f5 24. Nf3 Rb5 25. Rd2 fxe4 26. Nxe4 Bg4 27. Rc1 Rfb8 28. Rxc4 Bxf3 29. exf3 Rxb2 30. Rcc2 Rxc2 31. Rxc2 Rb1+ 32. Kf2 Kf8 33. h4 Ke8 34. Ng5 h6 35. Ne6 Kf7 36. Nd8+ Ke8 37. Nxc6 Nxc6 38. Rxc6 Rb2+ 39. Ke3 Rxa2 40. Rc7 Kf8 1/2-1/2